• 首页
  • 本馆介绍
  • 公告通知
  • 最新文献
  • 馆藏检索
  • 电子资源
  • 读者导购
  • 参考咨询
  • 我的图书馆
  • 登录
  • 详细信息显示
  • 放入我的书架
  • 预约/预借图书
  • 作者相关作品
  • 分类相关作品
  • 丛书相关作品
  • 出版社相关作品

书目信息

  • 表格格式
  • 工作单格式
  • 卡片格式
题名:
美容护肤一点通
    
 
作者: 董宇国 主编
分册:  
出版信息: 北京   军事医学科学出版社  2006
页数: 220页
开本: 20cm
丛书名:
单 册:
中图分类: TS974.1
科图分类:
主题词: 美容--基本知识 , 皮肤--护理--基本知识 , 沐浴--服务业 , 理发--服务业 , 沐浴 , 理发
电子资源:
ISBN: 7-80121-729-2
000 00908nam0 2200277 450
001 012006019019
005 20061115151642.12
010    @a7-80121-729-2@dCNY15.00
100    @a20060323d2006 em y0chiy0110 ea
101 0  @achi
102    @aCN@b110000
105    @aac z 000yy
200 1  @a美容护肤一点通@Amei rong hu fu yi dian tong@f董宇国主编
210    @a北京@c军事医学科学出版社@c金盾出版社@d2006
215    @a220页@c图,肖像@d20cm
330    @a本书从医学科学角度阐述了正确选用美容护肤品的重要性,正确选择美容手术医疗单位的必要性,以及身心健康对美丽肌肤的重要意义,如何从饮食方面调理并达到美容护肤的目的。
606 0  @a美容@x基本知识
606 0  @a皮肤@x护理@x基本知识
606 0  @a沐浴@x服务业
606 0  @a理发@x服务业
606 0  @a沐浴
606 0  @a理发
690    @aTS974.1@v4
701  0 @a董宇国@Adong yu guo@4主编
801  0 @aCN@bRENTIAN@c20061115
905    @a10447@dTS974.1@e163
    
    美容护肤一点通/董宇国主编.-北京:军事医学科学出版社:金盾出版社,2006
    220页:图,肖像;20cm
    
    
    ISBN 7-80121-729-2:CNY15.00
    本书从医学科学角度阐述了正确选用美容护肤品的重要性,正确选择美容手术医疗单位的必要性,以及身心健康对美丽肌肤的重要意义,如何从饮食方面调理并达到美容护肤的目的。
●
相关链接 在E读中查询图书 在五车中查询图书 在当当中查询图书 在豆瓣中查询图书


正题名:美容护肤一点通     索取号:TS974.1/163         预约/预借

序号 登录号 条形码 馆藏地/架位号 状态 备注
1 0391625   203916254   第二样本阅览室/ [索取号:TS974.1/163] 在馆    
2 0391626   203916263   第三借阅区/ [索取号:TS974.1/163] 在馆    
3 0391627   203916272   第三借阅区/ [索取号:TS974.1/163] 在馆    
4 0391628   203916281   第三借阅区/ [索取号:TS974.1/163] 在馆    
5 0391629   203916290   第三借阅区/ [索取号:TS974.1/163] 在馆    
唐山师范学院图书馆 欢迎您!
大连网信软件有限公司© 版权所有